Druhá medzinárodná škola sociolingvistiky

Bibliographic Details
Main Author: Ondrejovič, Slavomír, 1946- (Author)
Format: Article
Language:Slovak
Subjects:

MARC

LEADER 00000nab a2200000 a 4500
001 vtls000437707
003 SK-MaSNL
005 20260304225029.0
008 250424c1990 xo 0 slo
015 |a SNBRB19rr/mm-uuuuu 
035 |a CL0437835 
035 |a (urnnbn)urn:nbn:sk:snk:ar-00697d 
035 |a (uuid)c4de8cf7-f20c-49f0-826f-3f7e30a09147 
035 |a urn:nbn:sk:snk-ab84m9 
040 |a SNKBUCL  |b slo  |c SNKBUCL  |e AACR2 
041 0 |a slo 
044 |a xo  |c SK 
080 |a 800:301:061.3  |2 1981 
080 |a 301  |2 1981 
080 |a 061.3  |2 1981 
080 |a 061.3(100)  |2 1981 
100 1 |a Ondrejovič, Slavomír,  |d 1946-  |4 aut  |9 92874 
245 1 0 |a Druhá medzinárodná škola sociolingvistiky  |c S. Ondrejovič ; Slavo Ondrejovič 
650 0 7 |a sociolingvistika  |2 snkbucl  |9 869 
655 7 |a články z novín a časopisov  |2 snkbucl  |9 267496 
700 1 |a Ondrejovič, Slavomír,  |d 1946-  |4 aut  |9 92874 
773 0 |t Jazykovedný časopis  |g Roč. 41, č. 1 (1990), s. 110-112 
850 |a Slovenská národná knižnica 
852 |a Slovenská národná knižnica 
954 |a odborná, vedecká literatúra pôvodná (slovenská)  |2 lita 
958 |a article9 
958 |a OND 
958 |a RK 
958 |a EUIPO 
992 |a RBX 
999 |c 3175313  |d 3177243